Statistics for Grey's Anatomy characters

Click here to take the quiz!

General Stats

  • This quiz has been taken 15,961 times
    (15,280 since last reset)
  • The average score is 19 of 25

Answer Stats

HintAnswer% Correct
MGMeredith Grey
99%
AKAlex Karev
97%
CYCristina Yang
97%
DSDerek Shepherd
95%
GOGeorge O'Malley
95%
MBMiranda Bailey
94%
ISIzzie Stevens
93%
RWRichard Webber
91%
LGLexie Grey
86%
CTCallie Torres
85%
ARArizona Robbins
84%
MSMark Sloan
84%
JAJackson Avery
80%
OHOwen Hunt
78%
AKApril Kepner
75%
PBPreston Burke
72%
AMAddison Montgomery
70%
ASAmelia Shepherd
70%
JWJo Wilson
66%
TATeddy Altman
56%
MPMaggie Pierce
48%
EHErica Hahn
46%
SEStephanie Edwards
42%
LMLeah Murphy
26%
SRShane Ross
22%

Score Distribution

Percentile by Number Answered

Percent of People with Each Score

Your Score History

You have not taken this quiz since the last reset